Análisis de la nueva Constitución Política del Estado /

En este artículo, el autor analiza las características de la nueva Constitución Política del Estado, sancionada tras la asunción de Evo Morales a la presidencia de Bolivia. Esta nueva Constitución redefine la concepción del Estado, así como el concepto de ciudadanía, desde la lógica plurinacional, m...

Descrizione completa

Salvato in:
Dettagli Bibliografici
Autore principale: Prada Alcoreza, Raúl
Natura: testo
Soggetti:
Tags: Aggiungi Tag
Nessun Tag, puoi essere il primo ad aggiungerne!!

MARC

LEADER 00000 a a2200000 04500
001 4148
003
040
100 |a Prada Alcoreza, Raúl  
245 |a Análisis de la nueva Constitución Política del Estado /  |c Raúl Prada Alcoreza 
520 |a En este artículo, el autor analiza las características de la nueva Constitución Política del Estado, sancionada tras la asunción de Evo Morales a la presidencia de Bolivia. Esta nueva Constitución redefine la concepción del Estado, así como el concepto de ciudadanía, desde la lógica plurinacional, multicultural y comunitaria  
650 |a BOLIVIA  
650 |a CONSTITUCIONES  
650 |a MARCO INSTITUCIONAL  
650 |a PLURALISMO CULTURAL  
773 |g volumen 1, número 1; páginas 35-50  
999 |c 24289  |d 24289